000 00429cam a22001457a 4500
008 180718b1960 xxu||||| |||| 00| 0 eng d
082 _aB7x42 J139/60
100 _aJackson, W. Eric
245 _aStructure of local government in England and Wales
_cby W. Eric Jackson
250 _a4th ed.
260 _aLondon
_bLongmans
_c1960
300 _a253p.
650 _aLocal government --Wales.
650 _aLocal government --England
999 _c480314
_d480314